| 000 | 00532nam a2200205Ia 4500 | ||
|---|---|---|---|
| 003 | OSt | ||
| 005 | 20220826130446.0 | ||
| 008 | 150509s9999 xx 000 0 und d | ||
| 040 | _cIFM Library | ||
| 082 | _a004 | ||
| 100 | _aYonazi, Jim | ||
| 245 | _aICT4D: Facing the Challenge Head-on in Tanzania | ||
| 260 | _aDar es Salaam: | ||
| 260 | _bThe Institute of Fianance Management, | ||
| 260 | _c2009 | ||
| 300 | _ax, 46 p. :ill.; 29 cm | ||
| 500 | _aIncludes References | ||
| 650 | _aICT Develpoment | ||
| 942 |
_2ddc _cMX _n0 |
||
| 999 |
_c10497 _d10497 |
||